000 00308nam a2200121Ia 4500
005 20260326100024.0
008 260326s9999||||xx |||||||||||||| ||und||
100 _aLeavitt, Mel
245 2 _aA short History of New Orleans /
_cMel Leavitt
260 _bLexikos
650 _aARQUITECTURA REGIONAL
942 _cBK
999 _c6292
_d6292